00583nam a2200193Ia 4500008004100000020001800041082001900059100002400078245009100102250000800193260002700201300001600228650002400244650003800268650002600306700002000332700002000352700001700372220501s2016 xx 000 0 eng d a9788131520369 a658.4031 ZIK-B aZikmund, William G. 0aBusiness research methods : a south-asian perspectivecWilliam G. Zikmund ... [et al.] a8th aAndoverbCengagec2016 axxiv, 746p. aBusiness - Research aBusiness - Research - Methodology aManagement - Research aAdhikari, Atanu aBabin, Barry J. aCarr, Jon C.